000 00355nam a2200157Ia 4500
003 Ost
005 20260225132546.0
008 260225s9999||||xx |||||||||||||| ||und||
040 _cfsic
041 _afre
082 _a440
100 _aElenal Berger
_eAuteur
245 0 _aLabour,race and colonial rule /
245 0 _cElenal Berger
942 _cكتاب
999 _c33838
_d33838